000 00917nam a2200277Ia 4500
003 GCL
008 140319s9999 xx 000 0 ara d
040 _aGCL /
_cGCL
082 0 4 _aق
_b962.05
_bج م
100 1 _aيونس شاهين
245 1 0 _aمصر الامبريالية والثورة /
_cيونس شاهين
700 1 _aبيرك، جاك
260 _a[S.N] :
_bالهيئة المصرية العامة للكتاب ،
_c1987
300 _a398 ص
490 _a
650 0 4 _aمصر
650 0 4 _aتاريخ
650 0 4 _aالاحوال السياسية
650 0 4 _aالاحزاب السياسية
650 0 4 _aالصحافة المصرية
650 0 4 _aالملك فؤاد
650 0 4 _aالاستقلال والحكم الملكى (1923)
650 0 4 _aالصحافة المتخصصة
650 0 4 _aمصر - تاريخ - العصر الحديث - ثورة 1919
942 _2ddc
_cBK
999 _c57767
_d57767